Europa zwischen Spaltung und Einigung 1945-1990: eine Darstellung und Dokumentation über das Europa der Nachkriegszeit

Uloženo v:
Podrobná bibliografie
Hlavní autor: Gasteyger, Curt (Autor)
Médium: Kniha
Jazyk:němčina
Vydáno: Bonn Bundeszentrale für politische Bildung 1990
Edice:Schriftenreihe, 285
Témata:
Tagy: Přidat tag
Žádné tagy, Buďte první, kdo vytvoří štítek k tomuto záznamu!

MARC

LEADER 00000nam a2200000 a 4500
001 UCO8002
003 CL-VaPUC
008 001124e19900000GW |||||||||||||||||ger|d
082 0 4 |a 940.55  |b GAS  |2 21 
100 0 |a Gasteyger, Curt  |e author  |9 452817 
245 1 0 |a Europa zwischen Spaltung und Einigung 1945-1990: eine Darstellung und Dokumentation über das Europa der Nachkriegszeit 
300 |a 445 p 
942 |c BK 
945 |d 20001124 00:00:00  |a crobeson 
260 |a Bonn  |b Bundeszentrale für politische Bildung  |c 1990 
500 |a Donación del profesor Manfred Wilhelmy von Wolff 
650 7 |a HISTORIA DE EUROPA 1945-1990  |2 CL-VaPUC  |9 452818 
650 0 |a Posguerra  |9 372262 
651 0 |a Europa  |9 255156 
583 |a last modification  |c 20001124 00:00:00  |k Rodrigo Vera 
490 0 |a Schriftenreihe, 285 
999 |c 292814  |d 292812 
952 |0 0  |1 0  |4 0  |6 940_550000000000000_GAS_1990  |7 0  |8 A  |9 343887  |a BIBHIS  |b BIBHIS  |d 2019-11-20  |i 1235206  |o 940.55 GAS 1990  |p 1235206  |r 2025-01-20  |w 2019-11-20  |y BK  |k HIS